Optimal parameter estimation and investigation of objective functions of urban runoff models /

Bibliographic Details
Main Author: Han, Ji
Corporate Authors: Purdue University. Water Resources Research Center, United States. Office of Water Research and Technology
Other Authors: Ramachandra Rao, A.
Format: Book
Language:English
Published: West Lafayette, Ind. : Water Resources Research Center, Purdue University, [1980]
Series:Technical report (Purdue University. Water Resources Research Center) ; no. 135.
Subjects:

MARC

Tag First Indicator Second Indicator Subfields
LEADER 00000cam a2200000 a 4500
001 in00000577950
005 20151014082715.0
008 810225s1980 inuab b f00010 eng d
035 |a (OCoLC)07155173 
035 |9 ACQ2047AM 
040 |a UDI  |c UDI  |d m/c  |d TXA  |d UtOrBLW 
049 1 |a TXA2 
090 |a TD201  |b .P9 no. 135 
100 1 |a Han, Ji. 
245 1 0 |a Optimal parameter estimation and investigation of objective functions of urban runoff models /  |c by Ji Han, A. Ramachandra Rao. 
264 1 |a West Lafayette, Ind. :  |b Water Resources Research Center, Purdue University,  |c [1980] 
300 |a xv, 153 pages :  |b illustrations, graphs, maps ;  |c 28 cm. 
336 |a text  |b txt  |2 rdacontent 
337 |a unmediated  |b n  |2 rdamedia 
338 |a volume  |b nc  |2 rdacarrier 
490 1 |a Technical report - Purdue University Water Resources Research Center,  |x 0555-8026 ;  |v no. 135 
500 |a Completion report, OWRT-A-056-index. 
500 |a "September, 1980." 
504 |a Bibliography: pages 146-153. 
650 0 |a Urban runoff  |x Simulation methods. 
650 0 |a Urban hydrology  |x Simulation methods. 
650 0 |a Urban runoff  |x Data processing. 
650 0 |a Runoff  |x Mathematical models. 
650 0 |a Urban runoff  |x Mathematical models. 
700 1 |a Ramachandra Rao, A. 
710 2 |a Purdue University.  |b Water Resources Research Center. 
710 1 |a United States.  |b Office of Water Research and Technology. 
710 1 |a United States.  |b Office of Water Research and Technology.  |g  Project A-056-IND. 
830 0 |a Technical report (Purdue University. Water Resources Research Center) ;  |v no. 135. 
870 1 9 |j 700/1  |a Rao, A. Ramachandra. 
999 |a MARS 
999 f f |s e55c7828-fd24-3747-b20d-7cdd14846413  |i 82ca1ffd-d001-3b78-8c04-74340535fb20  |t 0 
952 f f |p ric  |a Texas A&M University  |b Rellis Campus  |c Joint Library Facility  |d Remote Storage  |t 0  |e TD201 .P9 no. 135  |h Library of Congress classification  |i unmediated -- volume  |m A14810722198 
998 f f |a TD201 .P9 no. 135  |t 0  |l Remote Storage